000 00549nam a2200205Ia 4500
005 20250923145101.0
008 008 250917s9999 xx 000 0 eng d
037 _aTextual
040 _aDSWL
_beng
_cDSWL
041 _aeng
_2eng
084 _az2, N66
_qDSWL
100 _aZinkin, Taya
_9831628
245 0 _aChallenges in India
_cby Taya Zinkin
260 _aLondon
_bChatto & Windus
_c1966
300 _a288p.
365 _aINR
_b25.00
925 _g25.00
942 _cTEXL
_hz2, N66
999 _c1446886
_d1446886